Embedded Microcomputer Systems (Record no. 306043)

MARC details
000 -LEADER
fixed length control field 00428nam a2200157Ia 4500
008 - FIXED-LENGTH DATA ELEMENTS--GENERAL INFORMATION
fixed length control field 230718s9999 xx 000 0 und d
041 ## - LANGUAGE CODE
Language code of text/sound track or separate title eng
082 ## - DEWEY DECIMAL CLASSIFICATION NUMBER
Classification number 004.16
Item number VAL
100 ## - MAIN ENTRY--PERSONAL NAME
Personal name Valvono J.W.
245 ## - TITLE STATEMENT
Title Embedded Microcomputer Systems
Remainder of title Real Time interfacing
260 ## - PUBLICATION, DISTRIBUTION, ETC. (IMPRINT)
Date of publication, distribution, etc. 2003
Name of publisher, distributor, etc. Thomson Publication
300 ## - PHYSICAL DESCRIPTION
Extent 840
365 ## - TRADE PRICE
Currency code Rs.
Price amount 412.25
700 ## - ADDED ENTRY--PERSONAL NAME
Personal name Valvono J.W.
906 ## - LOCAL DATA ELEMENT F, LDF (RLIN)
d B:103040010825-Sep-2003
c COMP
b 82.4
Holdings
Withdrawn status Lost status Damaged status Not for loan Home library Current library Date acquired Vendor Budget Code Cost, normal purchase price Bill number Total Checkouts Full call number Barcode Date last seen Discount Cost, replacement price Bill Date Koha item type Original Barcode
        Cummins College of Engineering for Women Pune Cummins College of Engineering for Women Pune 06/10/2003 Mehta Publishing House COMP 329.85 1030400108   004.16 CCEP-BK-17250 18/07/2023 82.4 412.25 25/09/2003 Books 017250